000 00636nam a2200181Ia 4500
001 20361
005 20260306172800.0
008 260306t2022||||xx |||||||||||||| ||spa||
041 _aESP
082 _a343.2
_bP14
100 _aPadilla Alegre, Vladimir
_eAUT
245 0 _aSumma procesal constitucional:
_bhábeas corpus, amparo, hábeas data, inconstitucionalidad, cumplimiento, acción popular, competencial. Toda la jurisprudencia procesal constitucional vinculante, relevante y actual en un solo volumen
260 _c2022
300 _a1344 páginas :
_c25 cm.
650 _aGEN
654 _aCDE
942 _cLIB
_dJUS
_fJUS
_2ddc
_n
999 _c20361
_d20361